LEADER 01195nam a2200289 i 4500 001 000000130416 003 CaOOAMICUS 005 20170524000000.0 008 170524s2006 it u000 u ita u 013 $a103150 020 $a978-88-7168-761-2 040 $aSeMil$bita 100 1 $aSánchez, Camillo.$0(OLS)http://semarc/name/93296 240 13$aLa viuda de Ios Van Gogh.$0(OLS)http://semarc/title/408155 245 13$aLa vedova Van Gogh /$cCamillo Sánchez ; traduzione di Francesca Conte. 260 $aMilano :$bMarcos y Marcos,$c2006. 300 $a189 p. ;$c21 cm. 490 0 $aGli alianti ;$v250 600 14$aVan Gogh, Vincent <1853-1890>.$0(OLS)http://semarc/subject/5316 700 1 $aConte, Francesca.$0(OLS)http://semarc/name/93297 830 4$aGli alianti ;$v250.$0(OLS)http://semarc/title/400382 850 $aSeMil 852 $aSeMil$W1$xVenegono$y1$m1V II 325$j84463$B84463$CSeMilBibl$Z2$F88447 $81 961 $aOmaggio: Passoni don Cristiano 996 $6020$a978-88-7168-761-2$9(OLS)http://semarc/number/273661 996 $6245$aLa vedova Van Gogh$9(OLS)http://semarc/title/408154 996 $6260$aMilano :$bMarcos y Marcos$9(OLS)http://semarc/publisher/31397 LEADER 01129nam a2200265 i 4500 001 000000034044 003 CaOOAMICUS 005 20060831000000.0 008 060831s1988 it u000 u ita u 013 $a199 020 $a88-399-1567-2 040 $aSeMil$bita 100 1 $aMinissale, Antonino .$0(OLS)http://semarc/name/15512 245 10$aSiracide :$ble radici nella tradizione /$cAntonino Minissale. 260 $aBrescia :$bQueriniana,$c1988. 300 $a104 p. ;$c21 cm. 490 0 $aLeggere oggi la Bibbia ;$v1.17 650 4$aBibbia. Antico Testamento. Siracide - Commentari, studi, critica, interpretazioni.$0(OLS)http://semarc/subject/12444 830 0$aLeggere oggi la Bibbia ;$v1.17.$0(OLS)http://semarc/title/15 850 $aSeMil 852 $aSeMil$W1$xVenegono$y1$m2W VII 37$j199$B199$CSeMilBibl$Z2$F199 $81 961 $aOmaggio: Scuola Cattolica 996 $6020$a88-399-1567-2$9(OLS)http://semarc/number/1656 996 $6245$aSiracide :$ble radici nella tradizione$9(OLS)http://semarc/title/45821 996 $6260$aBrescia :$bQueriniana$9(OLS)http://semarc/publisher/29615